000 00287 a2200121 4500
005 20250628201401.0
100 _aHANSON, J. L
245 _aEconomics for Students
250 _a5th Ed
260 _aLondon
_bEvans
_c1963
300 _axii, 226p.: ill; Table
_bIndex
_c13cm
942 _2ddc
_cBKS
999 _c6194
_d6194